000 01337nam a2200301 4500
001 234
003 OSt
005 20250528074015.0
008 250205b |||||||j |||| 00| 1 eng d
020 _a8571644616
040 _bpor
041 _heng
_apor
082 _a028.5
_bF297h
100 1 _aFeiffer, Jules,
_d1929-
_9438
240 _aThe man in the celling
245 _aO homem no teto /
_cFeiffer, Jules ; Tradução de Carlos Sussekind
260 _aSão Paulo
_bCompanhia das Letras
_c1995
300 _a195 p.
520 _aO homem no teto é um prazer a que não estamos acostumados: um livro para jovens escrito numa relação de igualdade com os leitores. O humor característico de Feiffer e a percepção penetrante como um laser com que ele desvenda o mecanismo de motivações das pessoas - marcas registradas de toda a sua obra - estão luminosamente presentes neste livro. O homem no teto capta com a pontaria certeira de um soco do Batman as primeiras manifestações apaixonadas da sensibilidade em formação de um garoto criador de histórias em quadrinhos
650 0 _aLiteratura Americana
_984
650 0 _aInfantojuvenil
_9200
650 0 _aHumor
_960
650 0 _aLúdico
_9439
655 0 _aRomance
_923
655 0 _aFicção
_922
700 _aCarlos Sussekind
_eTradutor
_9440
942 _2ddc
_n0
_cBK
999 _c234
_d234